000 00973nam a2200265 i 4500
001 13611
003 ES-MaACL
005 20250720085721.0
007 t|
008 000000s1980 sp |||| | spa d
020 _a84-500-4030-2
080 _a013:352(464.1M)
080 _a016(464.1M.)
100 1 _aHuertas Vázquez, Eduardo
_964577
245 1 0 _aLabor editorial de la imprenta del Ayuntamiento de Madrid /
_cEduardo Huertas Vázquez.
260 _a[Madrid :
_bAyuntamiento, Departamento Central de Estudios, Documentación y Publicaciones],
_c1980.
300 _a131 p. ;
_c22 cm.
490 1 _aColección de estudios y documentos del Municipio de Madrid
500 _aÍndice.
610 1 7 _aMadrid.
_bAyuntamiento-
_xPublicaciones-
_vCatálogos.
_9155169
651 4 _aMadrid-
_vBibliografías.
_98947
830 0 _aColección de estudios y documentos del Municipio de Madrid
_9228437
852 _aES-MaACL
_jL-20907
999 _c13611
_d13611